000 00895nam a22002417a 4500
005 20170519114941.0
010 _aBAC-EN21 ENG-111732
020 _a9789351194118
_c299.00
035 _aEN-95264
035 _aB-579588-613
035 _aB-664732
037 _adpl
_bStar Pub/Ven
037 _bDBAD/PUB
082 _a004.16
100 _aGupta, Vikas
245 _aComdex computer course:
_bWindows 7/8 with Office 2010 /
_cby Vikas Gupta
260 _aNew Delhi
_bDreamtech
_c2014
270 _a19-A, Ansari Road, Daryaganj,
_bNew Delhi
_e110002
300 _axii,496p. :
_c24cm(pbk)
_bill.
942 _2ddc
_cEN
_mGUP
_h004.16
999 _c89562
_d89562